| 000 -ლიდერი |
| ფიქსირებული სიგრძის საკონტროლო ველი |
01558nam a2200289Ia 4500 |
| 001 - საკონტროლო ნომერი |
| საკონტროლო ველი |
21830 |
| 003 - საკონტროლო ნომრის იდენტიფიკატორი |
| საკონტროლო ველი |
GE_BSU |
| 005 - ბოლო ოპერაციის თარიღი და დრო |
| საკონტროლო ველი |
20220531152420.0 |
| 008 - ფიქსირებული სიგრძის მონაცემთა ელემენტები - ზოგადი ინფორმაცია |
| ფიქსირებული სიგრძის საკონტროლო ველი |
181216s2007||||ge |||||||||||||| ||geo|| |
| 040 ## - კატალოგიზაციის წყარო |
| Transcribing agency |
GE_BSU |
| 041 ## - ენის კოდი |
| Language code of text/sound track or separate title |
geo |
| 080 ## - უნივერსალური ათობითი კლასიფიკაციის ინდექსი |
| Universal Decimal Classification number |
811.353.1-8(076.1) + 371.277.2 მ-40 |
| 100 ## - მთავარი ჩანაწერი - პიროვნების სახელი |
| Personal name |
მაღლაკელიძე, ნ. |
| 9 (RLIN) |
13915 |
| 245 ## - ცნობა სათაურის შესახებ |
| Title |
ჩვენი ენა ქართული : 2 კლასი : |
| Remainder of title |
სავარჯიშოებისა და ტესტური დავალებების კრებული / |
| Statement of responsibility, etc |
ნ. მაღლაკელიძე, ც. ყურაშვილი ; მხატვ. ნ. სულემენაშვილი. |
| 250 ## - გამოცემის ცნობა |
| Edition statement |
მე-2 შევსებული და გადამუშავებული გამოცემა |
| 264 ## - წარმოების, გამოცემის, დისტრიბუციის და სხვა ცნობები |
| გამოცემის, წარმოების, დისტრიბუციის... ადგილი |
თბილისი : |
| გამოცემის, წარმოების, დისტრიბუციის... სახელწოდება |
ლეთა, |
| გამოცემის, წარმოების, დისტრიბუციის... თარიღი |
2007. |
| 300 ## - ფიზიკური აღწერა |
| Extent |
56 გვ. ; |
| Dimensions |
28 სმ. |
| 500 ## - ზოგადი შენიშვნა |
| General note |
გარეკანზე ავტორები მითითებული არ არიან |
| 653 ## - INDEX TERM--UNCONTROLLED |
| Uncontrolled term |
სავარჯიშოებისა და ტესტური დავალებების კრებული |
| 653 ## - INDEX TERM--UNCONTROLLED |
| Uncontrolled term |
ქართული ენა |
| 653 ## - INDEX TERM--UNCONTROLLED |
| Uncontrolled term |
ჩვენი ენა ქართული |
| 653 ## - INDEX TERM--UNCONTROLLED |
| Uncontrolled term |
2 კლასი |
| 700 ## - ADDED ENTRY--PERSONAL NAME |
| Personal name |
ყურაშვილი, ც. |
| Relator term |
ავტორი |
| 9 (RLIN) |
9953 |
| 700 ## - ADDED ENTRY--PERSONAL NAME |
| Personal name |
სულემენაშვილი, ნ. |
| Relator term |
მხატვარი |
| 9 (RLIN) |
9954 |
| 942 ## - ADDED ENTRY ELEMENTS (KOHA) |
| Koha item type |
წიგნი |
| Source of classification or shelving scheme |
|